000
00253nam a22001097a 4500
082
_a
684.08 WOL'W
100
_a
WOLANSKY, WILLIAM D
_9
56841
245
_a
WOODWORKING FUNDAMENTALS
260
_a
NEWYORK
_b
MCGRAW HILL
_c
1962
300
_a
167P
942
_c
BK
999
_c
567180
_d
567180